000 00295nam a22001217a 4500
008 230619b xxu||||| |||| 00| 0 eng d
082 _a005.3
_bMC
110 _bMicrosoft
245 _aGetting Results with Microsoft office 97
260 _bMicrosoft
_c1995-97
300 _a703p
942 _2ddc
_cBK
999 _c1223
_d1223